COST AND MANAGEMENT ACCOUNTING STUDENT WORK BOOK (Record no. 52584)
[ view plain ]
| 000 -LEADER | |
|---|---|
| fixed length control field | 00392nam a22001577a 4500 |
| 003 - CONTROL NUMBER IDENTIFIER | |
| control field | OSt |
| 005 - DATE AND TIME OF LATEST TRANSACTION | |
| control field | 20240320122433.0 |
| 008 - FIXED-LENGTH DATA ELEMENTS--GENERAL INFORMATION | |
| fixed length control field | 220624b xxu||||| |||| 00| 0 eng d |
| 020 ## - INTERNATIONAL STANDARD BOOK NUMBER | |
| International Standard Book Number | 978-0132538992 |
| 040 ## - CATALOGING SOURCE | |
| Transcribing agency | IIMT UNIVERSITY |
| 100 ## - MAIN ENTRY--PERSONAL NAME | |
| Personal name | WILLIAMSON, D |
| 245 ## - TITLE STATEMENT | |
| Title | COST AND MANAGEMENT ACCOUNTING STUDENT WORK BOOK |
| 260 ## - PUBLICATION, DISTRIBUTION, ETC. | |
| Place of publication, distribution, etc. | NEW DILHI |
| Name of publisher, distributor, etc. | PHI |
| Date of publication, distribution, etc. | 1998 |
| 300 ## - PHYSICAL DESCRIPTION | |
| Extent | 179 |
| 942 ## - ADDED ENTRY ELEMENTS (KOHA) | |
| Source of classification or shelving scheme | |
| Koha item type | Book Bank |
| Withdrawn status | Lost status | Source of classification or shelving scheme | Damaged status | Not for loan | Home library | Current library | Date acquired | Source of acquisition | Cost, normal purchase price | Inventory number | Full call number | Barcode | Date last seen | Uniform Resource Identifier | Price effective from | Koha item type |
|---|---|---|---|---|---|---|---|---|---|---|---|---|---|---|---|---|
| IIMT University Central Library Meerut | IIMT University Central Library Meerut | 06/24/2022 | U.B.S. | 75.00 | 1108 | 658.42 JAI | 01-B-8148 | 06/24/2022 | management | 11/29/2005 | Book Bank | |||||
| IIMT University Central Library Meerut | IIMT University Central Library Meerut | 06/24/2022 | U.B.S. | 75.00 | 1108 | 658.42 JAI | 01-B-8149 | 06/24/2022 | management | 11/29/2005 | Book Bank | |||||
| IIMT University Central Library Meerut | IIMT University Central Library Meerut | 06/24/2022 | U.B.S. | 75.00 | 1108 | 658.42 JAI | 01-B-8150 | 06/24/2022 | management | 11/29/2005 | Book Bank | |||||
| IIMT University Central Library Meerut | IIMT University Central Library Meerut | 06/24/2022 | U.B.S. | 75.00 | 1108 | 658.42 JAI | 01-B-8151 | 06/24/2022 | management | 11/29/2005 | Book Bank | |||||
| IIMT University Central Library Meerut | IIMT University Central Library Meerut | 06/24/2022 | U.B.S. | 75.00 | 1108 | 658.42 JAI | 01-B-8152 | 06/24/2022 | management | 11/29/2005 | Book Bank |

